LEADER 00994nam a2200229 i 4500 001 000000156836 003 CaOOAMICUS 005 20061214000000.0 008 061214s1966 it u000 u ita u 013 $a134191 040 $aSeMil$bita 100 1 $aGriseri, Andreina.$0(OLS)http://semarc/name/34941 245 10$aGregorio de Ferrari /$c[Andreina Griseri]. 260 $aMilano :$bFabbri,$ccopyr. 1966. 300 $a[8] p., 16 p. di tav. :$briccamente ill. ;$c36 cm. 490 0 $aI maestri del colore : la più grande collana d'arte del mondo ;$v135 650 4$aDe Ferrari, Gregorio.$0(OLS)http://semarc/subject/30683 830 2$aI maestri del colore : la più grande collana d'arte del mondo ;$v135.$0(OLS)http://semarc/title/2091 850 $aSeMil 852 $aSeMil$W1$xVenegono$y1$m5G XII 14/135$j108584$B108584$CSeMilBibl$Z2$F118136 $81 996 $6245$aGregorio de Ferrari$9(OLS)http://semarc/title/229942 996 $6260$aMilano :$bFabbri$9(OLS)http://semarc/publisher/30054 LEADER 01323nam a2200301 i 4500 001 000000189883 003 CaOOAMICUS 005 20100520000000.0 008 100520s2010 it u000 u ita u 013 $a168195 020 $a978-88-10-10847-5 040 $aSeMil$bita 100 1 $aMazzolari, Primo,$d<1890-1959>.$0(OLS)http://semarc/name/3525 245 10$aPreti così /$cPrimo Mazzolari ; edizione critica a cura di Bruno Bignami. 260 $aBologna :$bEDB,$c2010. 300 $a194 p. ;$c19 cm. 490 0 $aDon Primo Mazzolari [Edizione critica] [EDB]v9 650 4$aPresbiteri - Ministero - Spiritualità.$0(OLS)http://semarc/subject/4818 650 4$aSacerdoti - Spiritualità.$0(OLS)http://semarc/subject/9029 650 4$aSacerdoti cattolici.$0(OLS)http://semarc/subject/32914 700 1 $aBignami, Bruno,$d<1969- >.$0(OLS)http://semarc/name/61339 830 0$aDon Primo Mazzolari [Edizione critica] ;$v9.$0(OLS)http://semarc/title/26499 850 $aSeMil 852 $aSeMil$W1$xVenegono$y1$m3F VI 569$j222112$B140514$CSeMilBibl$Z2$F152273 $81 961 $aOmaggio: Delpini mons. Mario 996 $6020$a978-88-10-10847-5$9(OLS)http://semarc/number/180651 996 $6245$aPreti così$9(OLS)http://semarc/title/273459 996 $6260$aBologna :$bEDB$9(OLS)http://semarc/publisher/29669